1747 1144 1403 1869 1177 1123 1178 1865 1462 1297 1700 1424 1060 1419 1563 1722 1699 1134 1615 1031 1055 1747 1528 1713 1894 1233 1732 1037 1774 1703 1844 1646 1291 1644 1783 1698 1831 1071 1055 1348 1794 1543 1239 1317 1036 1349 1444 1422 1775 1642 1741 1394 1784 1930 1249 1789 1861 1568 1912 1112 1905 1828 1456 1084 1315 1788 1065 1628 1648 1688 1837 1940 1808 1796 1393 1668 1370 1647 1746 1057 1458 1117 1026 1373 1302 1572 1538 1835 1019 1065 1539 1711 1229 1736 1090 1036 1638 1072 1898 BCNSPRNW ULIB Ver.6.0+V

เปลี่ยนเป็นภาษาไทย

Change to English
 แสดงรายละเอียดบรรณานุกรม
  กลับหน้าหลัก

Brief Record : Get Marc (ISO 2709) : E-mail record : QR code < ปิดหน้าต่าง
LEADER : 00000nam 2200000uu 4500
001    13399122757
003     ULIB
008    130913s2555||||th 000 0 tha d
020    ^a9786162790881
060 04 ^aWJ146^bก449
245 00 ^aการใช้ยารักษาโรคระบบปัสสาวะ /^cบรรณาธิการ, วชิร คชการ
250    ^aพิมพ์ครั้งที่ 1
260    ^aกรุงเทพฯ :^bภาควิชาศัลยศาสตร์ โครงการตำรารามาธิบดีคณะแพทยศาสตร์โรงพยาบาลรามาธิบดี มหาวิทยาลัยมหิดล,^c2555
300    ^aviii, 192 หน้า :^bภาพประกอบ ;^c21 ซม.
650  4 ^aปัสสวะ, โรคระบบ^xการรักษาด้วยยา
650  4 ^aระบบปัสสาวะและระบบสืบพันธุ์, โรค^xการรักษาด้วยยา
700 0  ^aวชิร คชการ,^eบรรณาธิการ
710 2  ^aมหาวิทยาลัยมหิดล. ^bคณะแพทยศาสตร์โรงพยาบาลรามาธิบดี.^bโครงการตำรารามาธิบดี
945    ^p450^l0^i20204
945    ^p450^l0^i20205
999    ^aทศพร เกษรทอง
รายการนี้ยังไม่มีแท็ก
คุณยังไม่ได้ล็อกอิน คุณสามารถมีกิจกรรมร่วมกับเว็บไซต์ได้ แต่ต้องล็อกอินก่อน ::
  ล็อกอิน

รายการสื่อสารสนเทศ

ลำดับที่ ประเภท เลขเรียก/บาร์โค้ด สถานที่ สถานะ
1. วิทยาศาสตร์การแพทย์ และสุขภาพ
วิทยาศาสตร์การแพทย์ และสุขภาพ
สถานะ=หนังสือเก่า
WJ146 ก449 ฉ.1 
  Barcode: 20204
ห้องสมุดวิทยาเขตนครสวรรค์
►ส่วนจัดเก็บหนังสือเก่า นว.
บนชั้น
  ขอยืม
2. วิทยาศาสตร์การแพทย์ และสุขภาพ
วิทยาศาสตร์การแพทย์ และสุขภาพ
สถานะ=หนังสือเก่า
WJ146 ก449 ฉ.2 
  Barcode: 20205
ห้องสมุดวิทยาเขตนครสวรรค์
►ส่วนจัดเก็บหนังสือเก่า นว.
บนชั้น
  ขอยืม

BibComment


ยังไม่เคยถูกคอมเมนท์

คอมเมนท์ทรัพยากรรายการนี้
  คอมเมนท์: การใช้ยารักษาโรค..


 Copyright 2026. Bcnsprnw @Library